LEADER 01428nam1 2200433 450 001 990003316160203316 005 20090922115721.0 035 $a000331616 035 $aUSA01000331616 035 $a(ALEPH)000331616USA01 035 $a000331616 100 $a20090922d--------km-y0itay50------ba 101 $aeng 102 $aGB 105 $a||||||||001yy 200 1 $aProgress in nuclear physics 210 $aOxford$cPergamon press$dcopyr. 215 $av.$d24 cm 225 2 $aProgress in nuclear physics 606 0 $aFisica nucleare 676 $a539.7 801 0$aIT$bsalbc$gISBD 912 $a990003316160203316 951 $a539.7 PNP/$bCBS$c539.7 959 $aBK 969 $aSCI 979 $aRSIAV7$b90$c20090922$lUSA01$h1157 996 $aProgress in nuclear physics$9790874 997 $aUNISA 998 \\$1001990003316180203316$12001 $a<> 998 \\$1001990003316190203316$12001 $a<> 998 \\$1001990003316210203316$12001 $a<> 998 \\$1001990003316220203316$12001 $a<> 998 \\$1001990003316250203316$12001 $a<> 998 \\$1001990003316270203316$12001 $a<> 998 \\$1001990003316290203316$12001 $a<> 998 \\$1001990003316300203316$12001 $a<> 998 \\$1001990003316320203316$12001 $aK meson leptonic decay 998 \\$1001990003316330203316$12001 $aTotal cross- section measurements LEADER 01010nam 2200325 450 001 9910793642703321 010 $a3-8382-7186-6 035 $a(CKB)4100000008699979 035 $a(MiAaPQ)EBC5782716 035 $a(EXLCZ)994100000008699979 100 $a20190809d2018 uy 0 101 0 $ager 135 $aurcnu|||||||| 181 $ctxt$2rdacontent 182 $cc$2rdamedia 183 $acr$2rdacarrier 200 14$aDie Juden in Lemberg wa?hrend des Zweiten Weltkriegs und im Holocaust 1939-1944 /$fEliyahu Yones 210 1$aStuttgart :$cIbidem Verlag,$d2018. 215 $a1 online resource (435 pages) 606 $aWorld War, 1939-1945$xJews 615 0$aWorld War, 1939-1945$xJews. 676 $a940.5315296 700 $aYones$b Eliyahu$0313137 801 0$bMiAaPQ 801 1$bMiAaPQ 801 2$bMiAaPQ 906 $aBOOK 912 $a9910793642703321 996 $aDie Juden in Lemberg wa?hrend des Zweiten Weltkriegs und im Holocaust 1939-1944$93832570 997 $aUNINA